00409nam a22001457a 450000500170000000800410001702000150005804100130007308200130008610000130009924500420011226000580015430000250021265000260023720240617083220.0240617b |||||||| |||| 00| 0 eng d a0406851239 aEnglish  a349 LAW  lEnglish  aThe All England Law Reports: Reprint  aLondon: bButterworth and Co. Publishers Ltd, c1979  b992 pages; c25 cm.  aLegal practice bLaw